| 000 -LEADER |
| fixed length control field |
01204nam a22002177a 4500 |
| 005 - DATE AND TIME OF LATEST TRANSACTION |
| control field |
20241127103749.0 |
| 008 - FIXED-LENGTH DATA ELEMENTS--GENERAL INFORMATION |
| fixed length control field |
241127b ||||| |||| 00| 0 eng d |
| 020 ## - INTERNATIONAL STANDARD BOOK NUMBER |
| International Standard Book Number |
9781407185446 |
| 040 ## - CATALOGING SOURCE |
| Transcribing agency |
KH8 |
| 082 ## - DEWEY DECIMAL CLASSIFICATION NUMBER |
| Classification number |
823.92 AIN |
| 100 ## - MAIN ENTRY--PERSONAL NAME |
| Personal name |
Ainsworth, Eve |
| Relator term |
Author |
| 245 ## - TITLE STATEMENT |
| Title |
Lost / |
| Statement of responsibility, etc. |
Eve Ainsworth |
| 260 ## - PUBLICATION, DISTRIBUTION, ETC. |
| Place of publication, distribution, etc. |
London, |
| Name of publisher, distributor, etc. |
Scholastic, |
| Date of publication, distribution, etc. |
2019 |
| 300 ## - PHYSICAL DESCRIPTION |
| Extent |
264 pages ; |
| Dimensions |
20 cm. |
| 520 ## - SUMMARY, ETC. |
| Summary, etc. |
When Alfie Turner loses his mum, it feels like his world is falling apart. She was the glue that held their family together and, now that she's gone, Alfie and his dad don't really know how to be a family without her. And then Alfie meets Alice. Alice is a force of nature and has her own set of problems, but at least when Alfie's with her he can forget about his. Or can he? Because no matter how hard you run, life will always catch up in the end. Despite everything holding them back, together Alfie and Alice learn two things: that friendship can help dig you out of even the blackest hole, and that it's not the falling down that matters, it's the getting back up |
| 521 ## - TARGET AUDIENCE NOTE |
| Target audience note |
Young adult fiction |
| 650 ## - SUBJECT ADDED ENTRY--TOPICAL TERM |
| Topical term or geographic name entry element |
Friendship |
| 650 ## - SUBJECT ADDED ENTRY--TOPICAL TERM |
| Topical term or geographic name entry element |
General |
| 650 ## - SUBJECT ADDED ENTRY--TOPICAL TERM |
| Topical term or geographic name entry element |
Juvenile works |
| 942 ## - ADDED ENTRY ELEMENTS (KOHA) |
| Source of classification or shelving scheme |
|
| Koha item type |
Books - Non Ficton |